000 00491nam a2200181Ia 4500
008 240925s9999 xx 000 0 und d
020 _aNA
082 _a030 AGH
100 _aAgha , Hussain Hamdani
245 0 _aShah-e-hamdan amir kabir sayyid ali hamadani
250 _a1st
260 _aPakistan:
_bInstitute of Kashmir Student Municipal
_c,1991.
300 _a980p.
_bNA
_fOriginal
500 _aNA
600 _aHumanities & Natural Science
650 _aEncyclopedia
942 _cBK
999 _c6924
_d6924